| 000 | 00000cas 2200000za 4500 |
| 001 | 9.866115 |
| 003 | CaOODSP |
| 005 | 20260317155440 |
| 007 | cr ||||||||||| |
| 008 | 181214c20189999qucar p|o f0 a0eng|d |
| 022 | |a2562-2773 |
| 040 | |aCaOODSP|beng |
| 043 | |an-cn--- |
| 086 | 1 |aEn1-78E-PDF |
| 222 | 0|aCanada's greenhouse gas and air pollutant emissions projections |
| 245 | 00|aCanada's greenhouse gas and air pollutant emissions projections |h[electronic resource]. |
| 260 | |aGatineau, QC : |bEnvironment and Climate Change Canada, |c[2018]- |
| 310 | |aAnnual |
| 362 | 0 |aBegan with: 2018. |
| 500 | |aIssued also in French under title: Projections des émissions de gaz à effet de serre et de polluants atmosphériques au Canada. |
| 692 | 07|2gccst|aGreenhouse gases |
| 692 | 07|2gccst|aAir pollution |
| 692 | 07|2gccst|aForecasting |
| 710 | 1 |aCanada. |bEnvironment and Climate Change Canada. |
| 775 | 08|tProjections des émissions de gaz à effet de serre et de polluants atmosphériques au Canada |w(CaOODSP)9.866116 |
| 780 | 00|tCanada's emissions trends |w(CaOODSP)9.507466 |